000 00501nam a2200193Ia 4500
005 20250326144812.0
008 250326s9999 xx 000 0 und d
020 _a81-89410-10-3
037 _aTextbook
040 _aFMSL
_beng
_cFMSL
041 _aeng
_2eng
084 _aX:51y7 P6.1
_qFMSL
100 _aICFAI
245 0 _aServices marketing
_cICFAI
260 _aHyderabad
_bHyderabad, ICFAI
_c2006
300 _a225p
942 _cTB
_hX:51y7 P6.1
999 _c1305120
_d1305120